[Event "Sparkassen-Open A"]
[Site "Heusenstamm, Martinsee"]
[Date "2023.11.25"]
[Round "5.95"]
[White "Schmid, Leon"]
[Black "Kolker, Vladislav"]
[Result "1-0"]
[WhiteElo "1593"]
[BlackElo "1874"]
[PlyCount "51"]
[EventDate "2023.??.??"]
[WhiteTeam "Sfr.Heidesheim"]
[BlackTeam "SC Bad Nauheim"]

1. e4 e5 2. Nf3 Nc6 3. Bc4 Nf6 4. d3 Be7 5. Nbd2 O-O 6. Nf1 d6 7. c3 d5 8. exd5 Nxd5 9. Ne3 Nf4 10. O-O g5 11. g3 Ng6 12. Nd5 g4 13. Nd2 Na5 14. Nxe7+ Qxe7 15. Bb5 Bf5 16. b4 a6 17. Ba4 Nc6 18. Ne4 Rad8 19. Qe2 Be6 20. Bh6 f5 21. Bxf8 Qxf8 22. Nc5 Bc8 23. f3 h5 24. fxg4 hxg4 25. Bb3+ Kh7 26. Be6 1-0

[Event "Sparkassen-Open A"]
[Site "Heusenstamm, Martinsee"]
[Date "2023.11.25"]
[Round "5.96"]
[White "Francke, Helmut"]
[Black "Olson, Philip Christoph"]
[Result "1/2-1/2"]
[WhiteElo "1872"]
[BlackElo "1576"]
[PlyCount "50"]
[EventDate "2023.??.??"]
[WhiteTeam "SC Bad Nauheim"]
[BlackTeam "SC Bad Nauheim"]

1. Nf3 f6 2. d4 Kf7 3. e4 e6 4. Bd3 Ne7 5. e5 d5 6. O-O Ng6 7. b3 c5 8. c4 cxd4 9. exf6 gxf6 10. Nxd4 Bc5 11. Bb2 Nc6 12. Nf3 b6 13. cxd5 Qxd5 14. Nc3 Qh5 15. Ne4 Be7 16. Ne5+ Qxe5 17. Bxe5 Ncxe5 18. Be2 Bb7 19. Nd6+ Bxd6 20. Qxd6 Rac8 21. Rac1 Rhd8 22. Rc7+ Rxc7 23. Qxc7+ Rd7 24. Qc1 Bd5 25. f4 Nc6 1/2-1/2

[Event "Sparkassen-Open A"]
[Site "Heusenstamm, Martinsee"]
[Date "2023.11.25"]
[Round "5.97"]
[White "Held, Bernhard"]
[Black "Billerbeck, Nick"]
[Result "1-0"]
[WhiteElo "1847"]
[BlackElo "1659"]
[PlyCount "79"]
[EventDate "2023.??.??"]
[WhiteTeam "SK 1908 Göggingen"]
[BlackTeam "SV Unterkochen"]

1. e4 c5 2. c3 d5 3. exd5 Qxd5 4. Nf3 Bg4 5. Be2 Nf6 6. Na3 a6 7. O-O e6 8. Nc2 Nc6 9. Ne3 Qd8 10. Nxg4 Nxg4 11. Qb3 Qc8 12. Rd1 Bd6 13. h3 Nf6 14. d4 O-O 15. Bg5 Ne8 16. Rac1 h6 17. Be3 cxd4 18. Nxd4 Ne5 19. Nf3 Rb8 20. Ba7 Ra8 21. Bb6 Nd7 22. Be3 Qc7 23. Rd2 Nef6 24. Rdc2 Nc5 25. Qc4 Rac8 26. Qh4 e5 27. g4 e4 28. Nd4 Bf4 29. Nf5 Bxe3 30. fxe3 Qe5 31. Rf1 Ncd7 32. g5 Nh7 33. gxh6 g5 34. Qf2 Ndf6 35. Kh1 Rc6 36. Rd2 Ne8 37. Rd7 Rf6 38. Re7 Rxf5 39. Rxe5 Rxf2 40. Rxf2 1-0

[Event "Sparkassen-Open A"]
[Site "Heusenstamm, Martinsee"]
[Date "2023.11.25"]
[Round "5.98"]
[White "Röß, Jonas"]
[Black "Armbrust, Matthias"]
[Result "1/2-1/2"]
[WhiteElo "1588"]
[BlackElo "1838"]
[PlyCount "91"]
[EventDate "2023.??.??"]
[WhiteTeam "SV Würzburg von 1865 e.V."]
[BlackTeam "Mainz"]

1. e4 c5 2. Nf3 d6 3. d4 cxd4 4. Nxd4 Nf6 5. Nc3 Nc6 6. f3 e5 7. Nb3 Be6 8. Nd5 Be7 9. Be3 O-O 10. g4 Bxd5 11. exd5 Na5 12. Qd2 Nxb3 13. axb3 a6 14. c4 Nd7 15. Bd3 Bh4+ 16. Ke2 Re8 17. Bc2 Nf8 18. Rag1 Ng6 19. Kd1 Nf4 20. Be4 b5 21. Bxf4 exf4 22. Qxf4 Bg5 23. Qg3 Qa5 24. Qe1 Qa2 25. Qc3 bxc4 26. bxc4 Rac8 27. b3 Rb8 28. Qc2 Qa1+ 29. Ke2 Qd4 30. Rd1 Qe3+ 31. Kf1 Rxb3 32. Re1 Qb6 33. Bxh7+ Kf8 34. Rxe8+ Kxe8 35. Qe2+ Kd8 36. Kg2 Re3 37. Qf2 Qb3 38. f4 Bf6 39. Rb1 Qc3 40. Bc2 Qa3 41. Re1 Rxe1 42. Qxe1 Qb2 43. Qa5+ Kd7 44. Qd2 Kd8 45. Qa5+ Kd7 46. Qd2 1/2-1/2

[Event "Sparkassen-Open A"]
[Site "Heusenstamm, Martinsee"]
[Date "2023.11.25"]
[Round "5.99"]
[White "Burlutskaia, Maria"]
[Black "Drewes, Thomas"]
[Result "1-0"]
[WhiteElo "1797"]
[BlackElo "1631"]
[PlyCount "29"]
[EventDate "2023.??.??"]
[WhiteTeam "SG Porz e. V."]
[BlackTeam "SV Würzburg von 1865 e.V."]

1. e4 d6 2. d4 Nf6 3. Nc3 e5 4. dxe5 dxe5 5. Qxd8+ Kxd8 6. Nf3 Bd6 7. Bg5 Be6 8. O-O-O Nbd7 9. Bb5 a6 10. Bxd7 Bxd7 11. Nd5 Be7 12. Nxe7 Kxe7 13. Nxe5 Rad8 14. Nxd7 Rxd7 15. e5 1-0

[Event "Sparkassen-Open A"]
[Site "Heusenstamm, Martinsee"]
[Date "2023.11.25"]
[Round "5.100"]
[White "Van Den Hoff, Damian"]
[Black "Papadopoulos, Leon"]
[Result "0-1"]
[WhiteElo "1825"]
[BlackElo "1546"]
[PlyCount "56"]
[EventDate "2023.??.??"]
[WhiteTeam "Rotterdam"]
[BlackTeam "SV Oberursel"]

1. e4 e5 2. Nf3 Nc6 3. Bc4 Nf6 4. d3 Bc5 5. c3 d6 6. Bb3 Bb6 7. Nbd2 O-O 8. O-O Ne7 9. Re1 Ng6 10. Nf1 Bg4 11. h3 Be6 12. Bxe6 fxe6 13. Qb3 Qe7 14. a4 a5 15. Bg5 h6 16. Be3 Bxe3 17. fxe3 c5 18. Ng3 Kh7 19. Rad1 Nh5 20. Nh1 Rxf3 21. gxf3 Nh4 22. Kf2 Rf8 23. Ke2 Nxf3 24. Rf1 Qh4 25. Qxe6 Ng3+ 26. Nxg3 Qxg3 27. Qg4 Qh2+ 28. Rf2 Nd4+ 0-1

[Event "Sparkassen-Open A"]
[Site "Heusenstamm, Martinsee"]
[Date "2023.11.25"]
[Round "5.101"]
[White "Peschel, Julia"]
[Black "Zargaran, Sepas"]
[Result "0-1"]
[WhiteElo "1591"]
[BlackElo "1558"]
[PlyCount "102"]
[EventDate "2023.??.??"]
[WhiteTeam "Biebertaler SF"]
[BlackTeam "VSG 1880 Offenbach"]

1. e4 c5 2. c3 Nf6 3. e5 Nd5 4. d4 cxd4 5. Nf3 e6 6. cxd4 Nc6 7. Bc4 Bb4+ 8. Bd2 Bxd2+ 9. Qxd2 Nb6 10. Bb3 O-O 11. O-O d5 12. Bc2 Ne7 13. Nc3 Bd7 14. Rfe1 Ng6 15. Qd3 f5 16. Qe3 Nc4 17. Qc1 Bc6 18. b3 Nb6 19. Ng5 Qe7 20. Bd3 Rac8 21. f4 h6 22. Nf3 Bd7 23. Qd2 a6 24. Rac1 Nh4 25. Re3 Nxf3+ 26. Rxf3 Qb4 27. Bb1 Rc7 28. h3 Rfc8 29. g4 g6 30. h4 fxg4 31. Rg3 Be8 32. Kh2 Kg7 33. Rxg4 Rxc3 34. Rg3 Rxb3 35. Qxb4 Rxb4 36. Rcg1 Rb2+ 37. Kh3 Nd7 38. h5 Nf8 39. hxg6 Bd7 40. Kg4 Rc4 41. Rh3 Rxd4 42. Rgh1 Ba4 43. Rc3 Rbb4 44. Rc7+ Bd7 45. Rf1 Rdc4 46. Rxc4 Rxc4 47. Kh5 Be8 48. Bd3 Rd4 49. Bb1 Rb4 50. Rc1 Rxb1 51. Rc7+ Bd7 0-1

[Event "Sparkassen-Open A"]
[Site "Heusenstamm, Martinsee"]
[Date "2023.11.25"]
[Round "5.102"]
[White "Bahlo, Jens"]
[Black "Richter, Johanna"]
[Result "1-0"]
[WhiteElo "1795"]
[BlackElo "1529"]
[PlyCount "65"]
[EventDate "2023.??.??"]
[WhiteTeam "SK 1858 Gießen"]
[BlackTeam "Sfr.Heidesheim"]

1. e4 c5 2. d3 Nc6 3. f4 g6 4. Nf3 Bg7 5. Be2 e6 6. c3 Nge7 7. O-O O-O 8. Be3 b6 9. d4 cxd4 10. cxd4 d5 11. e5 Bd7 12. Nc3 a6 13. Bf2 Qc7 14. Qd2 Qb7 15. g4 b5 16. Bh4 Kh8 17. Qe3 Rae8 18. Bf6 Ng8 19. Bh4 Nge7 20. Qf2 Rb8 21. Rad1 Qc8 22. Bf6 Ng8 23. Qh4 Bxf6 24. exf6 Qd8 25. g5 Na5 26. Bd3 Nb7 27. Ne5 Be8 28. Rf3 Nd6 29. Rh3 h6 30. Qg4 Nf5 31. Bxf5 gxf5 32. Rxh6+ Nxh6 33. Qh4 1-0

[Event "Sparkassen-Open A"]
[Site "Heusenstamm, Martinsee"]
[Date "2023.11.25"]
[Round "5.103"]
[White "Mehlen, Theodor"]
[Black "Rotermund, Verena"]
[Result "1-0"]
[WhiteElo "1808"]
[BlackElo "1581"]
[PlyCount "85"]
[EventDate "2023.??.??"]
[WhiteTeam "SC Matt im Park Ffm"]
[BlackTeam "Vorw.Orient Mainz"]

1. e4 e6 2. d4 d5 3. Nc3 Nf6 4. exd5 exd5 5. Bd3 c5 6. dxc5 Bxc5 7. Nf3 O-O 8. O-O Bg4 9. h3 Bh5 10. Bg5 d4 11. Ne4 Be7 12. Ng3 Bg6 13. Bxg6 fxg6 14. Nxd4 Qb6 15. Nb3 Nc6 16. c3 Rae8 17. Be3 Qc7 18. Nd4 Nxd4 19. Bxd4 Bd6 20. Qd3 Kh8 21. Rae1 Bxg3 22. Qxg3 Qc6 23. f3 Nh5 24. Qf2 Nf4 25. Rxe8 Qxe8 26. Qe3 Qd7 27. Re1 h6 28. Qe7 Qxe7 29. Rxe7 Nh5 30. Kf2 Nf6 31. Bxf6 gxf6 32. Rxb7 Ra8 33. Re7 a5 34. Ke1 a4 35. Kd1 Rc8 36. Kc2 f5 37. b3 axb3+ 38. axb3 Rc6 39. b4 g5 40. Kb3 Kg8 41. Re5 f4 42. b5 Rd6 43. Re2 1-0

[Event "Sparkassen-Open A"]
[Site "Heusenstamm, Martinsee"]
[Date "2023.11.25"]
[Round "5.104"]
[White "Werner, Florin"]
[Black "Lee, Kwan Ho Matthew"]
[Result "1-0"]
[WhiteElo "1666"]
[BlackElo "1587"]
[PlyCount "85"]
[EventDate "2023.??.??"]
[WhiteTeam "VSG 1880 Offenbach"]
[BlackTeam "SV Oberursel"]

1. Nf3 Nf6 2. Rg1 d6 3. d4 Bg4 4. h3 Bxf3 5. gxf3 Nbd7 6. e4 c5 7. Be3 e5 8. dxc5 Nxc5 9. Bb5+ Ncd7 10. Nc3 a6 11. Ba4 b5 12. Bb3 Nc5 13. Nd5 Nxd5 14. Bxd5 Rb8 15. Bc6+ Nd7 16. Qd5 Qc7 17. f4 Rc8 18. Bxd7+ Qxd7 19. fxe5 Rxc2 20. Rd1 Qc6 21. Qd4 Rc4 22. Qa7 Rc2 23. Rg5 Be7 24. Qb8+ Qc8 25. Qxc8+ Rxc8 26. exd6 Bxg5 27. d7+ Kd8 28. Bxg5+ f6 29. dxc8=Q+ Kxc8 30. Bf4 Re8 31. f3 Re7 32. Kf2 Kb7 33. h4 h6 34. Rd6 Rc7 35. Be3 Rc2+ 36. Kg3 Rc6 37. Rxc6 Kxc6 38. Kg4 b4 39. Kf5 Kb5 40. Kg6 Kc4 41. Kxg7 Kd3 42. Kxf6 Kxe3 43. e5 1-0

[Event "Sparkassen-Open A"]
[Site "Heusenstamm, Martinsee"]
[Date "2023.11.25"]
[Round "5.105"]
[White "Hildebrandt, Paul"]
[Black "Mandalka, Justus"]
[Result "0-1"]
[WhiteElo "1479"]
[BlackElo "1751"]
[PlyCount "86"]
[EventDate "2023.??.??"]
[WhiteTeam "Obertshausen"]
[BlackTeam "SK Bad Homburg 1927"]

1. Nf3 c5 2. g3 Nc6 3. Bg2 d5 4. d4 e6 5. O-O b6 6. b3 Bb7 7. Bb2 Nf6 8. Nbd2 Rc8 9. c4 Be7 10. Re1 O-O 11. e4 dxe4 12. Nxe4 Nxe4 13. Rxe4 Nxd4 14. Re3 Bxf3 15. Bxf3 Bf6 16. Rd3 Qc7 17. Rb1 Rfd8 18. Kg2 Nxf3 19. Qxf3 Rxd3 20. Qxd3 Qc6+ 21. f3 Rd8 22. Qe2 Bxb2 23. Rxb2 Qd6 24. h4 Qd3 25. Qe5 Qd4 26. Qxd4 Rxd4 27. g4 e5 28. Kg3 f6 29. Re2 Kf7 30. h5 g6 31. Kh4 gxh5 32. Kxh5 Rd3 33. Rf2 e4 34. Kh4 exf3 35. Kg3 Kg6 36. Kf4 a6 37. Rxf3 Rxf3+ 38. Kxf3 Kg5 39. Kg3 a5 40. a3 f5 41. gxf5 Kxf5 42. Kf3 Ke5 43. Ke3 h6 0-1

[Event "Sparkassen-Open A"]
[Site "Heusenstamm, Martinsee"]
[Date "2023.11.25"]
[Round "5.106"]
[White "Marchese, Gaspare"]
[Black "Fleischmann, Theo"]
[Result "1/2-1/2"]
[WhiteElo "1787"]
[BlackElo "1578"]
[PlyCount "78"]
[EventDate "2023.??.??"]
[WhiteTeam "SC Matt im Park Ffm"]
[BlackTeam "SVG CAISSA Kassel"]

1. e4 c5 2. Nf3 d6 3. d4 cxd4 4. Nxd4 Nf6 5. Nc3 Nc6 6. Be2 g6 7. Be3 Bg7 8. Qd2 h5 9. f3 Bd7 10. O-O a6 11. a4 Rc8 12. Nb3 O-O 13. a5 Qc7 14. Bb6 Qb8 15. Nd1 Ne5 16. c3 Nc4 17. Bxc4 Rxc4 18. Nd4 Rcc8 19. Nf2 d5 20. Rfe1 dxe4 21. fxe4 Be8 22. e5 Nd7 23. e6 Nxb6 24. axb6 f5 25. Nh3 Qd6 26. Qe3 Qxb6 27. Nxf5 Qxe3+ 28. Nxe3 Rc5 29. g3 g5 30. Nf2 Bg6 31. Rad1 Re5 32. Nd5 Rxe1+ 33. Rxe1 Bf6 34. Ne4 Bxe4 35. Rxe4 Kg7 36. Nb6 Kg6 37. Nd7 Rc8 38. Re2 Rc6 39. Nf8+ Kg7 1/2-1/2

[Event "Sparkassen-Open A"]
[Site "Heusenstamm, Martinsee"]
[Date "2023.11.25"]
[Round "5.107"]
[White "Schellen, Sven"]
[Black "Sasikumar Anitha, Sarvesh"]
[Result "1-0"]
[WhiteElo "1785"]
[BlackElo "1466"]
[PlyCount "209"]
[EventDate "2023.??.??"]
[WhiteTeam "SV Frankfurt Nord 1926"]
[BlackTeam "SK 1858 Gießen"]

1. Nf3 Nf6 2. g3 g6 3. Bg2 Bg7 4. O-O O-O 5. d3 c5 6. e4 d5 7. Nbd2 Nc6 8. Re1 Bg4 9. h3 Bxf3 10. Qxf3 Nd4 11. Qd1 e6 12. c3 Nc6 13. e5 Nd7 14. f4 Qc7 15. Nb3 b5 16. Be3 c4 17. Nc5 Rfc8 18. Nxd7 Qxd7 19. dxc4 bxc4 20. b3 Ne7 21. b4 a5 22. a3 axb4 23. axb4 Qc6 24. Qe2 Ra4 25. Bc5 Bf8 26. Reb1 Rca8 27. Qb2 Nc8 28. Bd4 Qb5 29. Rxa4 Rxa4 30. Ra1 Nb6 31. Bf3 Rxa1+ 32. Qxa1 Qa4 33. Qxa4 Nxa4 34. Bd1 Nb2 35. b5 Nd3 36. b6 Nc5 37. Ba4 Nb7 38. Bc6 Nd8 39. Ba8 f6 40. b7 Nxb7 41. Bxb7 f5 42. Kf2 Kf7 43. Bc6 Ba3 44. Kf3 Ke7 45. Bb6 Kf7 46. Ba5 Bc5 47. Bb4 Bb6 48. g4 Ba7 49. gxf5 gxf5 50. Ba3 Bb6 51. Bc1 Bc5 52. Be3 Ba3 53. Kg3 Be7 54. Bb6 Kg7 55. Kf3 Ba3 56. Bd8 Bb2 57. Ba5 Bc1 58. Bb4 Bd2 59. Be8 Bc1 60. Bc5 Bd2 61. Bd4 Kf8 62. Ba4 Ke7 63. Kg3 Kf7 64. Bd1 Kg6 65. Kf3 Bc1 66. Be3 Bb2 67. Bd2 Ba3 68. Ke3 Bc5+ 69. Ke2 Bb6 70. Be3 Ba5 71. Kd2 Kf7 72. Kc2 Ke7 73. Kb2 Kd7 74. Ba4+ Kc7 75. Be8 Kd8 76. Bh5 Kd7 77. Bd2 Bb6 78. Ka3 Bf2 79. Kb4 Kc6 80. Be8+ Kc7 81. Kb5 Bg1 82. h4 Bf2 83. h5 h6 84. Kb4 Bh4 85. Be3 Bg3 86. Bb5 Bh4 87. Bxc4 dxc4 88. Kxc4 Kc6 89. Kd3 Be7 90. c4 Bf8 91. Kc3 Be7 92. Kb3 Bf8 93. Ka4 Be7 94. Ka5 Bf8 95. Ka6 Be7 96. Ka7 Kc7 97. Bd4 Bf8 98. Bb6+ Kc6 99. Bd8 Kd7 100. Bf6 Kc7 101. Bh4 Bc5+ 102. Ka6 Be3 103. Bg5 Kd7 104. Bxh6 Ke8 105. Kb5 1-0

[Event "Sparkassen-Open A"]
[Site "Heusenstamm, Martinsee"]
[Date "2023.11.25"]
[Round "5.108"]
[White "Rotärmel, Leonie"]
[Black "Stehning, Toni"]
[Result "0-1"]
[WhiteElo "1472"]
[BlackElo "1666"]
[PlyCount "34"]
[EventDate "2023.??.??"]
[WhiteTeam "SK Bad Homburg 1927"]
[BlackTeam "SF Braunfels"]

1. e4 e5 2. Nf3 Nc6 3. Bc4 Nf6 4. d3 Bc5 5. O-O d6 6. h3 O-O 7. c3 Bb6 8. Bb3 Ne7 9. Nbd2 Ng6 10. Re1 c6 11. Nf1 Re8 12. Ng3 d5 13. exd5 Nxd5 14. d4 exd4 15. Rxe8+ Qxe8 16. Nxd4 Qe5 17. Nf3 Qxg3 0-1

[Event "Sparkassen-Open A"]
[Site "Heusenstamm, Martinsee"]
[Date "2023.11.25"]
[Time "15:30:00"]
[Round "5.109"]
[PlyCount "151"]
[White "Spelleken, Hans-Gerd"]
[Black "Feick, Claas Marten"]
[Result "1/2-1/2"]
[WhiteElo "1700"]
[BlackElo "1553"]
[WhiteTeam "SC Somborn 1933"]
[BlackTeam "SF Neuberg"]

1. Nf3 f5 2. d4 d6 3. e3 g6 4. Bd3 Nf6 5. Nbd2 Nc6 6. Qe2 e5 7. e4 fxe4 8. Nxe4 Nxe4 9. Bxe4 d5 10. Bd3 e4 11. Bb5 a6 12. Bxc6+ bxc6 13. Ne5 Bg7 14. h4 Bxe5 15. dxe5 Qe7 16. Bf4 a5 17. O-O-O Rb8 18. a3 O-O 19. Qe3 Qf7 20. Bg3 Bg4 21. Rd4 c5 22. Ra4 Bf5 23. Qxc5 Rb6 24. Rxa5 Rfb8 25. b4 Be6 26. Ra7 Rb5 27. Qxc7 Qxc7 28. Rxc7 Ra8 29. Kb2 Rb6 30. h5 g5 31. f4 exf3 32. gxf3 Rba6 33. Rc3 d4 34. Rd3 Rd8 35. Rhd1 Rf8 36. f4 gxf4 37. Bh4 f3 38. Bf6 Kf7 39. Rxd4 Bh3 40. Rf4 Ke6 41. Rd8 Rxd8 42. Bxd8 Kxe5 43. Rxf3 Bg4 44. Rc3 Rh6 45. Rc5+ Kd6 46. Bg5 Re6 47. h6 Re8 48. Bf4+ Ke7 49. Re5+ Be6 50. c4 Rf8 51. Bg5+ Kd6 52. Re4 Rf2+ 53. Kb3 Rf3+ 54. Re3 Rf5 55. Rg3 Rf1 56. Rd3+ Ke5 57. Rc3 Kd4 58. Be3+ Ke4 59. b5 Rb1+ 60. Kc2 Rf1 61. c5 Bf5 62. Kb3 Rb1+ 63. Ka4 Kd5 64. Ka5 Rf1 65. c6 Rd1 66. c7 Bc8 67. b6 Rb1 68. Rc5+ Kd6 69. Rb5 Ra1 70. a4 Kc6 71. Re5 Kb7 72. Re7 Bf5 73. Re8 Rxa4+ 74. Kxa4 Bd7+ 75. Kb4 Bxe8 76. Kc5 Bd7 
1/2-1/2

[Event "Sparkassen-Open A"]
[Site "Heusenstamm, Martinsee"]
[Date "2023.11.25"]
[Round "5.110"]
[White "Degenhardt, Andreas"]
[Black "Kanno, Clara Yumi"]
[Result "0-1"]
[WhiteElo "1714"]
[BlackElo "1388"]
[PlyCount "70"]
[EventDate "2023.??.??"]
[WhiteTeam "SC 1970 Lorsch"]
[BlackTeam "SF Essen-Werden 1924/"]

1. d4 d5 2. Nf3 Nf6 3. c4 c6 4. Qc2 a6 5. Bf4 Bg4 6. Ne5 Bh5 7. Nd2 Nbd7 8. e4 dxe4 9. Nxe4 Nxe4 10. Qxe4 Nxe5 11. Qxe5 Bg6 12. Be2 e6 13. O-O Be7 14. Rfd1 Bf6 15. Qe3 O-O 16. Be5 Bg5 17. Bf4 Bf6 18. Be5 Bg5 19. Qg3 f6 20. Bf4 Bxf4 21. Qxf4 Qb6 22. b3 Rad8 23. c5 Qb4 24. Bc4 Bf7 25. Qg4 Rfe8 26. Re1 Qc3 27. Rad1 e5 28. Re3 Qc2 29. Bxf7+ Kxf7 30. Qh5+ Kg8 31. Rde1 Qxa2 32. Rh3 Qc2 33. Rhe3 Re7 34. dxe5 Qxc5 35. Rh3 Qc2 0-1

[Event "Sparkassen-Open A"]
[Site "Heusenstamm, Martinsee"]
[Date "2023.11.25"]
[Round "5.111"]
[White "Zarriess, Benjamin"]
[Black "Hofmann, Werner"]
[Result "1/2-1/2"]
[WhiteElo "1732"]
[BlackElo "1669"]
[PlyCount "41"]
[EventDate "2023.??.??"]
[WhiteTeam "Hamburg"]
[BlackTeam "SV 1920 Kelsterbach"]

1. e4 c6 2. Nc3 d5 3. Nf3 dxe4 4. Nxe4 Nf6 5. Qe2 Nxe4 6. Qxe4 Nd7 7. d4 Nf6 8. Qd3 e6 9. Be2 Be7 10. O-O O-O 11. c3 c5 12. Rd1 b6 13. Be3 cxd4 14. Bxd4 h6 15. Ne5 Bb7 16. Bf3 Qc7 17. Bxb7 Qxb7 18. Qf3 Qxf3 19. Nxf3 Rfd8 20. a4 Nd5 21. Ne5 1/2-1/2

[Event "Sparkassen-Open A"]
[Site "Heusenstamm, Martinsee"]
[Date "2023.11.25"]
[Round "5.112"]
[White "Vinogradov, Ilia"]
[Black "Rohatgi, Kushagra"]
[Result "1/2-1/2"]
[WhiteElo "1609"]
[BlackElo "1577"]
[PlyCount "62"]
[EventDate "2023.??.??"]
[WhiteTeam "SV 1947 Walldorf"]
[BlackTeam "SAbt TuS Makkabi Ffm"]

1. e4 e5 2. Nf3 Nc6 3. Bc4 Nf6 4. d3 Bc5 5. c3 O-O 6. Nbd2 d5 7. exd5 Nxd5 8. Ne4 Be7 9. O-O Nb6 10. Bb3 a5 11. Be3 Nd5 12. h3 Nf6 13. Qe2 Bf5 14. Nxf6+ Bxf6 15. Rad1 Re8 16. Rfe1 Qe7 17. Qf1 Qf8 18. Bg5 Bd8 19. Rd2 h6 20. Bxd8 Raxd8 21. Red1 Qe7 22. d4 e4 23. Re2 Qf6 24. Nd2 Qg5 25. Kh1 Qh5 26. f3 exf3 27. Rxe8+ Rxe8 28. Qxf3 Qxf3 29. Nxf3 Re2 30. Rd2 Rxd2 31. Nxd2 Kf8 1/2-1/2

[Event "Sparkassen-Open A"]
[Site "Heusenstamm, Martinsee"]
[Date "2023.11.25"]
[Round "5.113"]
[White "Leitzig, Reamonn Franky James"]
[Black "Strache, Rolf"]
[Result "1-0"]
[WhiteElo "1540"]
[BlackElo "1557"]
[PlyCount "67"]
[EventDate "2023.??.??"]
[WhiteTeam "SV 1934 Ffm-Griesheim"]
[BlackTeam "SK Herborn 1946"]

1. e4 c5 2. Nf3 d6 3. d4 cxd4 4. Nxd4 Nf6 5. Nc3 g6 6. Be3 Bg7 7. f3 Bd7 8. Qd2 Nc6 9. Bc4 O-O 10. O-O-O Rc8 11. Bb3 Re8 12. h4 h5 13. Kb1 Na5 14. Nd5 Nxb3 15. axb3 Nxd5 16. exd5 a5 17. g4 hxg4 18. h5 g3 19. hxg6 fxg6 20. Ne6 Bxe6 21. dxe6 Qc7 22. Bd4 Qxc2+ 23. Qxc2 Rxc2 24. Kxc2 Rc8+ 25. Kb1 Bxd4 26. Rxd4 Rf8 27. Rd3 Rf6 28. Re3 Rf5 29. Rg1 Rg5 30. f4 Rf5 31. Rexg3 Rxf4 32. Rxg6+ Kh7 33. R6g4 Rxg4 34. Rxg4 1-0

[Event "Sparkassen-Open A"]
[Site "Heusenstamm, Martinsee"]
[Date "2023.11.25"]
[Round "5.114"]
[White "Kuckel, Michael"]
[Black "Kretner, Georg-Ulrich"]
[Result "0-1"]
[WhiteElo "1634"]
[BlackElo "1847"]
[PlyCount "100"]
[EventDate "2023.??.??"]
[WhiteTeam "SC Matt im Park Ffm"]
[BlackTeam "SC Bad Nauheim"]

1. d4 f5 2. c4 Nf6 3. g3 e6 4. Bg2 d5 5. Nf3 c6 6. O-O Bd6 7. b3 Qe7 8. Ne5 O-O 9. Nd2 Bd7 10. Bb2 Be8 11. Qc2 Ne4 12. f3 Nxd2 13. Qxd2 Nd7 14. e4 Nxe5 15. dxe5 Bc5+ 16. Kh1 fxe4 17. fxe4 Rxf1+ 18. Rxf1 dxc4 19. bxc4 Rd8 20. Qe2 Bd4 21. Bh3 Bg6 22. Bg2 h6 23. h4 b6 24. Qg4 Bh7 25. Bc1 Kh8 26. Qf4 Bc5 27. Bb2 Bd4 28. Bc1 Qc5 29. Qf7 Qxe5 30. Bf4 Qf6 31. Qxa7 e5 32. Bg5 Qxf1+ 33. Bxf1 Bxe4+ 34. Kh2 hxg5 35. hxg5 Rf8 36. g6 Bxg6 37. Qe7 Rxf1 38. Qd8+ Kh7 39. Qh4+ Kg8 40. Qd8+ Rf8 41. Qd6 Rf6 42. Qd8+ Kh7 43. g4 Be4 44. g5 Rf4 45. Qe8 Rf2+ 46. Kg3 Rg2+ 47. Kh4 Bf2+ 48. Kh3 Rg3+ 49. Kh4 Bg6 50. Qxc6 Bf5 0-1

[Event "Sparkassen-Open A"]
[Site "Heusenstamm, Martinsee"]
[Date "2023.11.25"]
[Round "5.115"]
[White "Scheerer, Amelie"]
[Black "Köpke, Carolina"]
[Result "1-0"]
[WhiteElo "1583"]
[BlackElo "1482"]
[PlyCount "59"]
[EventDate "2023.??.??"]
[WhiteTeam "SV 1934 Ffm-Griesheim"]
[BlackTeam "SV Oberursel"]

1. e4 e5 2. Nf3 Nc6 3. Bc4 Bc5 4. c3 d6 5. d4 exd4 6. cxd4 Bb4+ 7. Bd2 Bxd2+ 8. Nbxd2 Bg4 9. Qb3 Na5 10. Qc3 Nxc4 11. Qxc4 Nf6 12. e5 dxe5 13. dxe5 Bxf3 14. Nxf3 Qe7 15. O-O Ng8 16. e6 fxe6 17. Rfe1 O-O-O 18. Rxe6 Qd7 19. Rae1 Nf6 20. Re7 Qc6 21. Qxc6 bxc6 22. Rxg7 Nd5 23. Ng5 Rhg8 24. Rxg8 Rxg8 25. Nxh7 Rg7 26. Nf8 Nf4 27. g3 Nd3 28. Re2 Nc1 29. Re8+ Kb7 30. Ne6 1-0

[Event "Sparkassen-Open A"]
[Site "Heusenstamm, Martinsee"]
[Date "2023.11.26"]
[Round "6.1"]
[White "Poetsch, Hagen"]
[Black "Krause, Benedict"]
[Result "1/2-1/2"]
[WhiteElo "2467"]
[BlackElo "2394"]
[PlyCount "83"]
[EventDate "2023.??.??"]
[WhiteTeam "SC Heusenstamm"]
[BlackTeam "FC ST.Pauli 1910 eV SAbt"]

1. e4 c5 {[%emt 0:00:03]} 2. Nf3 e6 3. d4 cxd4 4. Nxd4 Nf6 5. Nc3 Nc6 {[%emt 0:00:09]} 6. Be2 Bb4 7. O-O Bxc3 {[%emt 0:01:55]} 8. bxc3 {[%emt 0:00:20]} Nxe4 {[%emt 0:02:54]} 9. Nxc6 dxc6 {[%emt 0:01:16]} 10. Bd3 {[%emt 0:00:14]} Nc5 {[%emt 0:00:07]} 11. Qg4 {[%emt 0:00:06]} Qf6 {[%emt 0:07:15]} 12. Bg5 {[%emt 0:00:17]} e5 {[%emt 0:10:42]} 13. Bxf6 {[%emt 0:07:46]} Bxg4 {[%emt 0:00:25]} 14. Bxg7 {[%emt 0:00:26]} Rg8 {[%emt 0:00:36]} 15. Bxe5 Nxd3 {[%emt 0:01:18]} 16. cxd3 {[%emt 0:00:35]} O-O-O {[%emt 0:05:18]} 17. d4 {[%emt 0:00:48]} Bf3 {[%emt 0:08:34]} 18. Bg3 {[%emt 0:03:31]} Bd5 {[%emt 0:01:47]} 19. Rfe1 {[%emt 0:05:50]} Rde8 {[%emt 0:01:29]} 20. f3 {[%emt 0:06:01]} Kd7 {[%emt 0:06:23]} 21. a4 {[%emt 0:03:11]} Rxe1+ {[%emt 0:09:13]} 22. Rxe1 {[%emt 0:01:02]} Re8 {[%emt 0:05:01]} 23. Rb1 {[%emt 0:00:41]} Kc8 {[%emt 0:01:47]} 24. Kf2 {[%emt 0:07:18]} Bc4 {[%emt 0:02:18]} 25. Be5 {[%emt 0:01:57]} Re6 {[%emt 0:02:51]} 26. f4 {[%emt 0:09:33]} f6 {[%emt 0:02:14]} 27. f5 {[%emt 0:00:10]} Re8 {[%emt 0:00:46]} 28. Bxf6 {[%emt 0:00:46]} Rf8 {[%emt 0:00:04]} 29. Be5 {[%emt 0:01:02]} Rxf5+ 30. Ke3 {[%emt 0:00:57]} Rf1 {[%emt 0:04:31]} 31. Rxf1 {[%emt 0:04:38]} Bxf1 {[%emt 0:00:13]} 32. g4 {[%emt 0:02:23]} Kd7 {[%emt 0:08:14]} 33. h4 {[%emt 0:04:19]} Ke6 {[%emt 0:02:08]} 34. h5 {[%emt 0:00:03]} Bc4 {[%emt 0:01:24]} 35. a5 {[%emt 0:19:02]} b6 {[%emt 0:00:38]} 36. a6 {[%emt 0:05:24]} Bxa6 {[%emt 0:00:37]} 37. g5 {[%emt 0:00:11]} Kf7 {[%emt 0:00:19]} 38. Bb8 {[%emt 0:00:51]} Bc4 {[%emt 0:00:29]} 39. Bxa7 {[%emt 0:00:08]} b5 {[%emt 0:00:20]} 40. Bb8 {[%emt 0:04:22]} Kg8 {[%emt 0:00:37]} 41. Kf4 {[%emt 0:00:23]} Be2 {[%emt 0:01:39]} 42. h6 {[%emt 0:00:50]} 1/2-1/2

[Event "Sparkassen-Open A"]
[Site "Heusenstamm, Martinsee"]
[Date "2023.11.26"]
[Round "6.2"]
[White "Tschernatsch, Johannes"]
[Black "Krastev, Alexander"]
[Result "1/2-1/2"]
[WhiteElo "2312"]
[BlackElo "2440"]
[PlyCount "57"]
[EventDate "2023.??.??"]
[WhiteTeam "SC Empor Potsdam 1952 e.V."]
[BlackTeam "Biebertaler SF"]

1. e4 c5 2. Nf3 {[%emt 0:00:03]} d6 3. d4 cxd4 4. Nxd4 Nf6 5. Nc3 Nc6 6. Bg5 {[%emt 0:00:04]} Bd7 {[%emt 0:00:44]} 7. Qd2 {[%emt 0:02:57]} a6 {[%emt 0:00:15]} 8. O-O-O {[%emt 0:02:23]} e6 9. f3 {[%emt 0:04:22]} Be7 {[%emt 0:03:03]} 10. h4 {[%emt 0:00:53]} h6 {[%emt 0:11:50]} 11. Be3 {[%emt 0:02:09]} h5 {[%emt 0:03:10]} 12. Kb1 {[%emt 0:12:21]} b5 {[%emt 0:03:57]} 13. Nxc6 {[%emt 0:06:42]} Bxc6 {[%emt 0:00:31]} 14. Bg5 {[%emt 0:01:12]} Qb6 {[%emt 0:07:49]} 15. Bd3 {[%emt 0:06:46]} b4 {[%emt 0:06:17]} 16. Ne2 {[%emt 0:00:28]} a5 {[%emt 0:00:46]} 17. Qe3 {[%emt 0:04:45]} Qxe3 {[%emt 0:21:31]} 18. Bxe3 {[%emt 0:00:11]} e5 {[%emt 0:02:38]} 19. Bc4 {[%emt 0:02:58]} Rc8 {[%emt 0:02:04]} 20. b3 {[%emt 0:01:53]} O-O {[%emt 0:00:26]} 21. Bg5 {[%emt 0:06:14]} Rfd8 {[%emt 0:00:07]} 22. Ng3 {[%emt 0:01:30]} g6 {[%emt 0:01:44]} 23. Bxf6 {[%emt 0:04:34]} Bxf6 24. Nf1 {[%emt 0:00:27]} Rd7 {[%emt 0:02:25]} 25. Ne3 {[%emt 0:01:44]} Bd8 {[%emt 0:00:56]} 26. Bd5 {[%emt 0:03:53]} Bb5 {[%emt 0:09:43]} 27. Bc4 {[%emt 0:02:10]} Bc6 {[%emt 0:07:20]} 28. Bd5 {[%emt 0:05:46]} Bb5 {[%emt 0:01:15]} 29. Bc4 {[%emt 0:01:12]} 1/2-1/2